000 00283nam a22001337a 4500
008 170411b xxu||||| |||| 00| 0 eng d
020 _a0871893894
041 _aeng
080 _a618
100 _a10
101 _aSHM
245 _aNEWBORNS AT RISK
_cENSHER.G.L
942 _2udc
_cBK
999 _c10382
_d10382